Turbomachines (Record no. 6341)

000 -LEADER
fixed length control field 00565nam a2200205 i 4500
001 - CONTROL NUMBER
control field 6341
003 - CONTROL NUMBER IDENTIFIER
control field BD-DhUET
008 - FIXED-LENGTH DATA ELEMENTS--GENERAL INFORMATION
fixed length control field 800825s1981 nyua b 001 0 eng
020 ## - INTERNATIONAL STANDARD BOOK NUMBER
International Standard Book Number 0471060364
040 ## - CATALOGING SOURCE
Original cataloging agency DLC
Transcribing agency DLC
Modifying agency BD-DhUET
082 ## - DEWEY DECIMAL CLASSIFICATION NUMBER
Classification number 621.165
Item number BAL/1981
100 1# - MAIN ENTRY--PERSONAL NAME
Personal name Balje, O. E.
245 10 - TITLE STATEMENT
Title Turbomachines
Remainder of title a guide to design selection and theory
Statement of responsibility, etc. by O. E. Balje
250 ## - EDITION STATEMENT
Edition statement 1st ed.
260 ## - PUBLICATION, DISTRIBUTION, ETC. (IMPRINT)
Place of publication, distribution, etc. New York
Name of publisher, distributor, etc. John Wiley and Sons
Date of publication, distribution, etc. 1981
300 ## - PHYSICAL DESCRIPTION
Extent x, 513 p.
Other physical details ill.
Dimensions 24 cm.
504 ## - BIBLIOGRAPHY, ETC. NOTE
Bibliography, etc Includes bibliographies
650 #0 - SUBJECT ADDED ENTRY--TOPICAL TERM
Topical term or geographic name as entry element Turbomachines
942 ## - ADDED ENTRY ELEMENTS (KOHA)
Koha item type General Book
Holdings
Withdrawn status Lost status Date acquired Price effective from Koha full call number Not for loan Koha item type Koha normalized classification for sorting Location (home branch) Piece designation (barcode) Damaged status Source of classification or shelving scheme Koha date last seen Shelving location Copy number Sublocation or collection (holding branch)
  2014-12-022014-12-02621.165/BAL/1981 General Book621_000000000000000_165BAL1981Central Library, BUET61480  2014-12-02Circulation section1Central Library, BUET
  2014-12-072014-12-07621.165 /BAL/1981 General Book621_165000000000000_BAL1981Central Library, BUET61485  2015-04-26Circulation section9Central Library, BUET
  2014-12-072014-12-07621.165 /BAL/1981 General Book621_165000000000000_BAL1981Central Library, BUET61482  2014-12-07Circulation section6Central Library, BUET
  2014-12-072014-12-07621.165 /BAL/1981 General Book621_165000000000000_BAL1981Central Library, BUET61486  2014-12-07Circulation section10Central Library, BUET
  2014-12-072014-12-07621.165 /BAL/1981 General Book621_165000000000000_BAL1981Central Library, BUET61479  2014-12-07Circulation section3Central Library, BUET
  2014-12-072014-12-07621.165 /BAL/1981 General Book621_165000000000000_BAL1981Central Library, BUET61481  2014-12-07Circulation section5Central Library, BUET
  2014-12-072014-12-07621.165 /BAL/1981 General Book621_165000000000000_BAL1981Central Library, BUET61484  2014-12-07Circulation section8Central Library, BUET
  2014-12-072014-12-07621.165 /BAL/1981 General Book621_165000000000000_BAL1981Central Library, BUET61478  2014-12-07Circulation section2Central Library, BUET
  2015-04-232015-04-23621.165/BAL/1981 General Book621_165000000000000_BAL_1981Central Library, BUET61477  2015-04-23Circulation section11Central Library, BUET